Tri stolice pred 160 rokmi história. Fondy pre hladujúcich Spiša, Gemera, Šariša

Bibliographic Details
Main Author: Makarová, Soňa (Author)
Format: Article
Language:Slovak
PhysicalDescription:Fotogr.
ISSN:1335-7590
Subjects:

MARC

LEADER 00000nab a2200000 ar4500
001 vtls009341754
003 SK-MaSNL
005 20260303055616.0
008 081003c20080103xo mr|p|||||||000 b|slo
038 |a SNSK 
040 |b slo  |c SNSK  |e AACR2 
041 |a slo 
044 |a xo  |c SK 
080 |a 612.391  |x (437.67)  |x "1847"  |2 2001 
100 1 |a Makarová, Soňa  |4 aut  |9 429760 
245 1 0 |a Tri stolice pred 160 rokmi  |b história. Fondy pre hladujúcich Spiša, Gemera, Šariša  |c Soňa Makarová 
300 |b Fotogr. 
648 7 |a 1847  |2 snsk  |9 368336 
650 0 7 |a hlad  |x fondy pre hladujúcich  |2 snsk  |9 1051217 
651 7 |a Spiš (Slovensko : región)  |2 snsk  |9 17692 
651 7 |a Gemer (Slovensko : región)  |2 snsk  |9 173411 
651 7 |a Šariš (Slovensko : región)  |2 snsk  |9 87465 
773 0 |t Spišský Korzár  |g Roč. X., č. 2 (3.1.2008), s. 17  |x 1335-7590 
852 |a SNSK  |b KIS3GCP 
999 |c 1728113  |d 1730043